00547nam a2200157Ia 4500008004100000020001800041082001300059100003000072245008300102260002300185300001100208500002200219650003200241952009900273999001700372120622s9999 xx 000 0 und d a968-24-4346-6 a465 O77g aOrtíz Dueñas, Teodoro aGramática estructural, ortografía y redacción / Teodoro Ortíz Dueñas aMéxico : Trillas a284 p. aIncluye índices a1. ESPAÑOL - GRAMATICAÌ 00104070a01b01d2007-01-25l3o465 O77Gp01 008117r2015-02-13s2015-02-13w2012-06-24yLB c56376d56376